00741nam a2200241 a 4500001001300000003000900013005001700022008004100039020001000080082001500090100002900105245005100134260006200185300000800247500003500255505001500290650001900305700002900324902000800353942000700361952011600368999001500484nice12345678IN_TiNIC20260116012456.0050524s1977 hyda grp 000 0 urd  ac10000a297.8bAID aAl-Aidrus, Habeeb Taiyab aShah Waliullah Saheb Awr Unka Falsafa-E-Mazhab aHyderabadbInst.Of Indo-Middle East Cultural Studiec1977 a16p aincludes index and biblioraphy2 aBib, Index aShah Waliullah1 aAl-Aidrus, Habeeb Taiyab bSRS cBK 001040708StackRoom-aHMIbHMId2007-07-12g100.00l0o297.8 AIDp010006r2007-07-12v100.00w2005-05-24yBK c7159d7159